MARC details
| 000 -LEADER |
| campo de control de longitud fija |
01895nam a2200421 i 4500 |
| 001 - NÚMERO DE CONTROL |
| campo de control |
10261 |
| 003 - IDENTIFICADOR DE NÚMERO DE CONTROL |
| campo de control |
ES-MaACL |
| 005 - FECHA Y HORA DE LA ÚLTIMA TRANSACCIÓN |
| campo de control |
20240209063103.0 |
| 008 - DATOS DE LONGITUD FIJA--INFORMACIÓN GENERAL |
| campo de control de longitud fija |
950404s1995 sp a |||| | spa d |
| 017 ## - NÚMERO DE COPYRIGHT O DE DEPÓSITO LEGAL |
| Número de copyright o de depósito legal |
M 4972-1995 |
| Agencia que asigna |
Oficina Depósito Legal Madrid |
| 020 ## - NÚMERO INTERNACIONAL ESTÁNDAR DEL LIBRO |
| Número Internacional Estándar del Libro |
848711153X |
| 040 ## - FUENTE DE CATALOGACIÓN |
| Centro/agencia transcriptor |
ES-MaACL |
| 080 ## - NÚMERO DE LA CLASIFICACIÓN DECIMAL UNIVERSAL |
| Número de la Clasificación Decimal Universal |
91.04(7/8+914)"17/18" |
| 080 ## - NÚMERO DE LA CLASIFICACIÓN DECIMAL UNIVERSAL |
| Número de la Clasificación Decimal Universal |
5:91.04(7/8+914)"17/18" |
| 111 2# - ENTRADA PRINCIPAL--NOMBRE DE CONGRESO/REUNIÓN |
| Nombre de congreso/reunión o jurisdicción como elemento de entrada |
Jornadas sobre España y las Expediciones Científicas en América y Filipinas |
| Número del congreso/reunión o número de parte o sección |
(2ª. |
| Fecha del congreso o de la firma del tratado |
1993. |
| Sede del congreso/Lugar de la reunión |
Madrid) |
| 9 (RLIN) |
866 |
| 245 10 - MENCIÓN DEL TÍTULO |
| Título |
De la ciencia ilustrada a la ciencia romántica : |
| Resto del título |
actas de las II Jornadas sobre "España y las Expediciones Científicas en América y Filipinas" / |
| Mención de responsabilidad, etc. |
Alejandro R. Diez Torre, Tomás Mallo y Daniel Pacheco Fernández (coordinadores) |
| 260 ## - PUBLICACIÓN, DISTRIBUCIÓN, ETC. |
| Lugar de publicación, distribución, etc. |
Aranjuez (Madrid) : |
| Nombre del editor, distribuidor, etc. |
Doce Calles ; |
| Lugar de publicación, distribución, etc. |
[Madrid] : |
| Nombre del editor, distribuidor, etc. |
Ateneo de Madrid, |
| Fecha de publicación, distribución, etc. |
[1995] |
| 300 ## - DESCRIPCIÓN FÍSICA |
| Extensión |
642 páginas : |
| Otras características físicas |
ilustraciones (blanco y negro) ; |
| Dimensiones |
24 cm |
| 490 1# - MENCIÓN DE SERIE |
| Mención de serie |
Actas |
| 500 ## - NOTA GENERAL |
| Nota general |
Índice de autores |
| 504 ## - NOTA DE BIBLIOGRAFÍA, ETC. |
| Nota de bibliografía, etc. |
Referencias bibliográficas |
| 610 24 - PUNTO DE ACCESO ADICIONAL DE MATERIA--NOMBRE DE ENTIDAD CORPORATIVA |
| Nombre de entidad corporativa o nombre de jurisdicción como elemento de entrada |
Ateneo de Madrid- |
| Subdivisión de forma |
Conferencias- |
| Subdivisión cronológica |
1983-1999. |
| 9 (RLIN) |
168596 |
| 650 #4 - PUNTO DE ACCESO ADICIONAL DE MATERIA--TÉRMINO DE MATERIA |
| Término de materia o nombre geográfico como elemento de entrada |
Expediciones científicas- |
| Subdivisión geográfica |
América |
| 9 (RLIN) |
12688 |
| 650 #4 - PUNTO DE ACCESO ADICIONAL DE MATERIA--TÉRMINO DE MATERIA |
| Término de materia o nombre geográfico como elemento de entrada |
Expediciones científicas- |
| Subdivisión geográfica |
Filipinas |
| 9 (RLIN) |
12689 |
| 650 #7 - PUNTO DE ACCESO ADICIONAL DE MATERIA--TÉRMINO DE MATERIA |
| Término de materia o nombre geográfico como elemento de entrada |
Expediciones científicas- |
| Subdivisión geográfica |
España |
| 9 (RLIN) |
154502 |
| 650 #4 - PUNTO DE ACCESO ADICIONAL DE MATERIA--TÉRMINO DE MATERIA |
| Término de materia o nombre geográfico como elemento de entrada |
Ciencia- |
| Subdivisión geográfica |
España- |
| Subdivisión de forma |
Congresos y asambleas |
| 9 (RLIN) |
10942 |
| 700 1# - ENTRADA AGREGADA--NOMBRE PERSONAL |
| Nombre de persona |
Díez Torre, Alejandro R. |
| 9 (RLIN) |
44776 |
| Término indicativo de función/relación |
Editor literario |
| 700 1# - ENTRADA AGREGADA--NOMBRE PERSONAL |
| Nombre de persona |
Mallo, Tomás |
| 9 (RLIN) |
75818 |
| Término indicativo de función/relación |
Editor literario |
| 700 1# - ENTRADA AGREGADA--NOMBRE PERSONAL |
| Nombre de persona |
Pacheco Fernández, Daniel |
| 9 (RLIN) |
88132 |
| Término indicativo de función/relación |
Editor literario |
| 710 2# - ENTRADA AGREGADA--NOMBRE DE ENTIDAD CORPORATIVA |
| Nombre de entidad corporativa o nombre de jurisdicción como elemento de entrada |
Ateneo de Madrid. |
| 9 (RLIN) |
1875 |
| Término indicativo de función/relación |
Editor |
| 830 1# - PUNTO DE ACCESO ADICIONAL DE SERIE-TÍTULO UNIFORME |
| Título uniforme |
Actas |
| 9 (RLIN) |
178380 |
| 852 4# - LOCALIZACIÓN |
| Ubicación |
ES-MaACL |
| Número de control de estantería |
L-17796 |
| Ubicación en estantería |
Depósito 2 |
| Donativo/Legado |
Donación: Editorial |
| itemnumber |
10546 |
| 852 4# - LOCALIZACIÓN |
| Ubicación |
ES-MaACL |
| Número de control de estantería |
L-17797 |
| Ubicación en estantería |
Depósito 2 |
| Donativo/Legado |
Donación: Editorial |
| Nota libre |
Duplicado |
| itemnumber |
10547 |
| 852 4# - LOCALIZACIÓN |
| Ubicación |
ES-MaACL |
| Número de control de estantería |
N-8219/Ej. 2 |
| Ubicación en estantería |
Depósito J |
| Nota libre |
X-31 |
| -- |
Triplicado |
| itemnumber |
10545 |
| 942 ## - ELEMENTOS DE ENTRADA SECUNDARIOS (KOHA) |
| Tipo de ítem Koha |
Libro impreso |
| Suprimir en OPAC |
No |